Schauspieler, die mit Sönke Wortmann gearbeitet haben - Statistics

General Stats
  • This quiz has been taken 4 times
  • The average score is 17 of 101
Answer Stats
Hinweis Antwort % Correct
Eingeschlossene Gesellschaft, Frau Müller muss weg! Anke Engelke
100%
Der Vorname, Der Nachname, Der Spitzname, Contra Christoph Maria Herbst
100%
Der Vorname, Der Nachname, Der Spitzname, Eingeschlossene Gesellschaft Florian David Fitz
100%
Der Vorname, Der Nachname, Der Spitzname Iris Berben
100%
Kleine Haie, Schoßgebete Jürgen Vogel
100%
Der Vorname, Der Nachname, Der Spitzname, Eingeschlossene Gesellschaft, Frau Müller muss weg! Justus von Dohnányi
100%
Der bewegte Mann, Das Superweib Til Schweiger
100%
Der bewegte Mann, Das Superweib, Der Campus Armin Rohde
67%
Der bewegte Mann, Das Superweib Joachim Król
67%
Der bewegte Mann, Kleine Haie Kai Wiesinger
67%
Der bewegte Mann Katja Riemann
67%
Contra, Eingeschlossene Gesellschaft Nilam Farooq
67%
Frau Müller muss weg! Alwara Höfels
33%
Allein unter Frauen Carin C. Tietze
33%
Der Vorname, Der Nachname, Der Spitzname Caroline Peters
33%
St. Pauli Nacht Florian Lukas
33%
Kleine Haie Gedeon Burkhard
33%
Das Superweib, St. Pauli Nacht. Der Campus Heiner Lauterbach
33%
Schoßgebete Jan-David Bürger
33%
Der Vorname, Der Nachname, Der Spitzname Janina Uhse
33%
Die Päpstin Johanna Wokalek
33%
Das Superweib Jonathan Beck
33%
Das Wunder von Bern Louis Klamroth
33%
Der bewegte Mann Martina Gedeck
33%
Kleine Haie, Allein unter Frauen Meret Becker
33%
Frau Müller muss weg! Mina Tander
33%
Das Wunder von Bern Peter Lohmeyer
33%
Der bewegte Mann, Kleine Haie Rufus Beck
33%
Das Superweib, Allein unter Frauen Thomas Heinze
33%
Das Superweib Veronica Ferres
33%
St. Pauli Nacht Wotan Wilke Möhring
33%
Die Päpstin Alexander Held
0%
Die Päpstin Anatole Taubman
0%
Sommerfest Anna Bederke
0%
Schoßgebete Anna Stieblich
0%
Das Superweib Arabella Kiesbauer
0%
St. Pauli Nacht, Der Campus Axel Milberg
0%
St. Pauli Nacht Benno Fürmann
0%
Das Wunder von Bern Birthe Wolter
0%
Das Superweib Burghart Klaußner
0%
Der Himmel von Hollywood Burt Reynolds
0%
Die Päpstin, St. Pauli Nacht Christian Redl
0%
Die Päpstin Claudia Michelsen
0%
Die Päpstin David Wenham
0%
Die Päpstin Edward Petherbrigde
0%
Der Nachname, Der Spitzname Elena Sancho Pereg
0%
Contra Ernst Stötzner
0%
Das Superweib Esther Schweins
0%
Frau Müller muss weg! Gabriela Maria Schmeide
0%
Kleine Haie Götz Otto
0%
St. Pauli Nacht Hannes Hellmann
0%
Der Campus Hans-Michael Rehberg
0%
Contra Hassan Akkouch
0%
Die Päpstin Iain Glen
0%
Schoßgebete Isabelle Redfern
0%
Der Himmel von Hollywood Jacqueline Kim
0%
Sommerfest Janina Fautz
0%
Sommerfest Jasna Fritzi Bauer
0%
Allein unter Frauen Jennifer Nitsch
0%
Das Wunder von Bern Johanna Gastdorf
0%
Die Päpstin John Goodman
0%
Die Päpstin Jördis Triebel
0%
Schoßgebete Juliane Köhler
0%
Kleine Haie Katharina Abt
0%
Das Wunder von Bern Katharina Wackernagel
0%
St. Pauli Nacht Kathleen Gallego Zapata
0%
Frau Müller muss weg! Ken Duken
0%
Der Spitzname Kya-Celina Barucki
0%
Schoßgebete Lavinia Wilson
0%
Das Hochzeitsvideo Lisa Bitter
0%
Das Superweib Liselotte Pulver
0%
Das Wunder von Bern, Sommerfest Lucas Gregorowicz
0%
Das Superweib, Der Campus Maren Kroymann
0%
Das Hochzeitsvideo Martin Aselmann
0%
St. Pauli Nacht Maruschka Detmers
0%
Das Hochzeitsvideo Matthias Brenner
0%
Contra Meriam Abbas
0%
Das Hochzeitsvideo Michael Abendroth
0%
Kleine Haie Michael Kessler
0%
Kleine Haie Michael Mendl
0%
Das Wunder von Bern Mirko Lang
0%
Contra Mohamed Issa
0%
Sommerfest Nicholas Bodeux
0%
Allein unter Frauen Nina Petri
0%
St. Pauli Nacht Oliver Stokowski
0%
St. Pauli Nacht Otto Waalkes
0%
Das Wunder von Bern Peter Franke
0%
Sommerfest Peter Jordan
0%
St. Pauli Nacht Peter Sattmann
0%
Das Superweib Richy Müller
0%
Der Himmel von Hollywood Rod Steiger
0%
Der Campus Rudolf Kowalski
0%
Sommerfest Sandra Borgmann
0%
Der Vorname, Eingeschlossene Gesellschaft Serkan Kaya
0%
Der Campus Sibylle Canonica
0%
Das Wunder von Bern Simon Verhoeven
0%
Contra Stefan Gorski
0%
Eingeschlossene Gesellschaft, Sommerfest Thomas Loibl
0%
Der Campus Tim Wilde
0%
Der Himmel von Hollywood Tom Berenger
0%
Der Himmel von Hollywood Whoopi Goldberg
0%
No matching quizzes found
Score Distribution
Percent of People with Each Score
Percentile by Number Answered
Your Score History
You have not taken this quiz